LEADER 00945nam0 22002531i 450 001 UON00057590 005 20231205102253.150 100 $a20020107d1969 |0itac50 ba 101 $aara 102 $aEG 105 $a|||| 1|||| 200 1 $aIbn al-Rumi$fAbbas Mahmud al-Aqqad 210 $aal-Qahira$cDar al-Halal$d1963 215 $a353 p.$d23 cm 620 $aEG$dIl Cairo$3UONL000377 686 $aARA VI BBY$cPAESI ARABI - LETTERATURA CLASSICA - CRITICA - POESIA$2A 700 1$aˆal-‰?Aqq?d$b?Abb?s Ma?m?d$3UONV027662$0648785 712 $aDar al-Halal$3UONV255279$4650 801 $aIT$bSOL$c20240220$gRICA 899 $aSIBA - SISTEMA BIBLIOTECARIO DI ATENEO$2UONSI 912 $aUON00057590 950 $aSIBA - SISTEMA BIBLIOTECARIO DI ATENEO$dSI ARA VI BBY 037 disperso $eSI AR 3160 7 037 disperso $sSmarrito 996 $aIbn al-Rumi$91148796 997 $aUNIOR